2 Letter ISO Country Codes - Guess North America Countries - Statistics

General Stats
  • This quiz has been taken 8 times
  • The average score is 22 of 23
Answer Stats
Codes Countries % Correct
AG Antigua & Barbuda
100%
BS Bahamas
100%
BB Barbados
100%
BZ Belize
100%
CA Canada
100%
CR Costa Rica
100%
CU Cuba
100%
DM Dominica
100%
DO Dominican Republic
100%
GT Guatemala
100%
HT Haiti
100%
HN Honduras
100%
JM Jamaica
100%
MX Mexico
100%
NI Nicaragua
100%
PA Panama
100%
LC St. Lucia
100%
TT Trinidad & Tobago
100%
US United States
100%
GD Grenada
80%
KN St. Kitts & Nevis
80%
VC St. Vincent & the Grenadines
80%
SV El Salvador
60%
No matching quizzes found
Score Distribution
Percent of People with Each Score
Percentile by Number Answered
Your Score History
You have not taken this quiz